00670nam a22001937a 4500020001500000040000800015082002600023100001400049245007600063246006100139246004200200300001300242500005500255500003700310650003200347650002400379700002100403710005200424 a0022441840 cGPO a808 MAC 1996 C260 Or. aMACMILLAN00aWrite ideasbstrategies for improving writing skills in the workplace /30aStrategies for improving writing skills in the workplace30aEPIC workplace learning project, 1995 a1 volume aDistributed to depository libraries in microfiche. aShipping list number: 98-0008-M. 0aComposition (Language arts) 0aWorkplace literacy.1 aDiller, Janelle.2 aEducational Resources Information Center (U.S.)